|
|
|
|
| LEADER |
00000nam0a2200000 4500 |
| 001 |
364676 |
| 005 |
20231102011719.0 |
| 035 |
|
|
|a (RuTPU)RU\TPU\retro\22034
|
| 090 |
|
|
|a 364676
|
| 100 |
|
|
|a 20211124d1980 km y0rusy50 ca
|
| 101 |
0 |
|
|a rus
|
| 102 |
|
|
|a UA
|
| 105 |
|
|
|a y z 100zy
|
| 200 |
1 |
|
|a Новые металлические материалы для машиностроения и методы их обработки
|e тезисы докладов XVI сессии Научного совета, 19021 февраля 1980 г.
|f Академия наук СССР ; отв. ред. Н. Н. Борисова
|
| 210 |
|
|
|a Киев
|c ИЭС
|d 1980
|
| 215 |
|
|
|a 31 с.
|
| 606 |
1 |
|
|a Машиностроительные материалы
|2 stltpush
|3 (RuTPU)RU\TPU\subj\41662
|9 61449
|
| 610 |
1 |
|
|a сессия
|
| 610 |
1 |
|
|a новые материалы
|
| 610 |
1 |
|
|a обработка
|
| 610 |
1 |
|
|a методы
|
| 610 |
1 |
|
|a конструкционные стали
|
| 610 |
1 |
|
|a жаропрочные свойства
|
| 610 |
1 |
|
|a конструкционные материалы
|
| 610 |
1 |
|
|a электроннолучевая обработка
|
| 610 |
1 |
|
|a коррозионная стойкость
|
| 675 |
|
|
|a 621.002.3(063)
|v 4
|
| 702 |
|
1 |
|a Борисова
|b Н. Н.
|4 340
|
| 712 |
0 |
2 |
|a Академия наук СССР
|c (Ленинград/Москва)
|c (1925-1991)
|2 stltpush
|3 (RuTPU)RU\TPU\col\722
|9 23473
|
| 712 |
1 |
2 |
|a Новые металлические материалы для машиностроения и методы их обработки
|c сессия
|d 16
|e Киев
|f 1980
|4 570
|
| 801 |
|
1 |
|a RU
|b 63413507
|c 20211124
|
| 942 |
|
|
|c BK
|